|
|
|
|
| LEADER |
01855nam a2200457 a 4500 |
| 001 |
000756537 |
| 003 |
CZ BrMZK |
| 005 |
20080612062142.0 |
| 007 |
ta |
| 008 |
041220s2004 xr a er 001 0 cze d |
| 015 |
|
|
|a cnb001494593
|
| 020 |
|
|
|a 80-7321-044-4
|q (váz.)
|
| 035 |
|
|
|a (OCoLC)85133031
|
| 040 |
|
|
|a BOA001
|b cze
|
| 041 |
1 |
|
|a cze
|h eng
|
| 072 |
|
7 |
|a 59
|x Zoologie
|2 Konspekt
|9 2
|
| 080 |
|
|
|a 597.6/.9
|2 MRF
|
| 080 |
|
|
|a (084.12)
|2 MRF
|
| 080 |
|
|
|a (0.062)
|2 MRF
|
| 100 |
1 |
|
|a Clarke, Barry,
|d 1951-
|7 mzk2004237547
|4 aut
|
| 245 |
1 |
0 |
|a Obojživelníci :
|b [objevte svět žab, čolků a mloků, jejich způsob života, prostředí a úžasné životní podmínky] /
|c Barry Clarke ; fotografie Geof Brightling a Frank Greenaway ; [překlad Helena Kholová]
|
| 250 |
|
|
|a 1. vyd.
|
| 260 |
|
|
|a Praha :
|b Fortuna Print,
|c 2004
|
| 300 |
|
|
|a 63 s. :
|b barev. il. ;
|c 29 cm
|
| 490 |
1 |
|
|a Vidět - poznat - vědět
|
| 500 |
|
|
|a Podnázev z obálky
|
| 500 |
|
|
|a Přeloženo z angličtiny
|
| 500 |
|
|
|a Obsahuje rejstřík
|
| 650 |
0 |
7 |
|a obojživelníci
|7 ph115532
|2 czenas
|
| 655 |
|
7 |
|a fotografické publikace
|7 fd132276
|2 czenas
|
| 655 |
|
7 |
|a populárně-naučné publikace
|7 fd131864
|2 czenas
|
| 700 |
1 |
|
|a Brightling, Geoff
|7 mzk2003204449
|4 pht
|
| 700 |
1 |
|
|a Greenaway, Frank,
|d 1946-
|7 jn20000602377
|4 pht
|
| 765 |
0 |
|
|t Eyewitness guides: Amphibian
|9 Česky
|
| 830 |
|
0 |
|a Vidět - poznat - vědět (Fortuna Print)
|0 s
|
| 856 |
4 |
1 |
|u http://www.digitalniknihovna.cz/mzk/uuid/uuid:58019fb0-0278-11e4-89c6-005056827e51
|y Digitalizovaný dokument
|x NDK
|
| 910 |
|
|
|a BOA001
|b 3-1144.782
|
| 990 |
|
|
|a BK
|
| 991 |
|
|
|b 200502
|c NOV
|
| 996 |
7 |
|
|b 2610237488
|c 3-1144.782
|l MZK
|r Sklad / do 1 hodiny
|n 0
|p p.v.
|w 000756537
|u 000010
|a 1
|e BOA001
|j MZK50
|s A
|
| 996 |
6 |
|
|b 2610261669
|c 3-1144.782
|l MZK
|r Sklad / do 1 hodiny
|n 3
|p kup
|w 000756537
|u 000020
|a 1
|e BOA001
|j MZK50
|s P
|